Federal Constitution : (as at 10th April 2002)
| Corporate Author: | |
|---|---|
| Format: | Book |
| Published: |
Petaling Jaya, Selangor :
International Law Book Services ,
2002
|
| Series: | Laws of Malaysia
|
| Subjects: |
MARC
| LEADER | 00000cam a2200000 7i4500 | ||
|---|---|---|---|
| 001 | 0000002060 | ||
| 005 | 20020917.0 | ||
| 020 | 0 | 0 | |a 9678912465 |
| 090 | 0 | 0 | |a R342.595 |b MAL 2002 |
| 110 | 1 | 0 | |a MALAYSIA |
| 245 | 1 | 0 | |a Federal Constitution : |b (as at 10th April 2002) |c compiled by Legal Research Board |
| 260 | 0 | 0 | |a Petaling Jaya, Selangor : |b International Law Book Services , |c 2002 |
| 300 | |a 204 p. ; |c 25 cm. | ||
| 440 | 0 | 0 | |a Laws of Malaysia |
| 651 | 0 | 0 | |a Malaysia |x Constitutional law |
| 998 | |a JPSM | ||
| 999 | |a 0000003424 |b Monograph |c Reference |e Default branch | ||